000 00575cam a2200157 4500500
005 20260201105124.0
041 _afre
042 _adc
100 1 0 _aJoël, Marie-Ève
_eauthor
245 0 0 _aRisques sanitaires et gestion des ressources
260 _c2006.
500 _a77
520 _aResumé Une relation complexe entre experts et décideurs, où l’usager ne trouve pas pleinement sa place.
786 0 _nRevue Projet | 293 | 4 | 2006-06-01 | p. 48-53 | 0033-0884
856 4 1 _uhttps://shs.cairn.info/revue-projet-2006-4-page-48?lang=fr&redirect-ssocas=7080
999 _c1641256
_d1641256